| 000 | 01314na a2200325 4500 | ||
|---|---|---|---|
| 001 | 13728 | ||
| 003 | MIRAKIL | ||
| 005 | 20181213154824.0 | ||
| 008 | 160919b tu 000 0 | ||
| 020 | _a9786053604525 | ||
| 035 | _a13728 | ||
| 040 |
_aMilas _btur _cTR-AnCHP |
||
| 082 |
_a305.8951 _bD86i 2012 |
||
| 090 | _a305.8951 D86i 2012 | ||
| 100 | _aDursteler, Eric R. | ||
| 245 |
_aİstanbul'daki Venedikliler _bYeniçağ başlarında Akdeniz'de millet, kimlik ve bir arada varoluş _cEric R.Dursteler ; çeviren Taciser Ulaş Belge |
||
| 246 | _aYeniçağ başlarında Akdeniz'de millet, kimlik ve bir arada varoluş | ||
| 260 |
_aİstanbul _bTürkiye iş bankası kültür yayınları _c2012 |
||
| 300 |
_a377 s. _c23 sm. |
||
| 490 |
_aTürkiye İş Bankası Kültür Yayınları _v2406 |
||
| 500 | _aÖzgün yapıt adı : Venetians in Constantinople : Nation, indentity, and coexistence in the early modern Mediterranean | ||
| 504 | _aKaynakça ve dizin var. | ||
| 650 |
_aAzınlıklar _y17. yüzyıl _zİstanbul |
||
| 650 |
_aVenedik (Italya) _xTicaret _yTarih _zİstanbul |
||
| 650 |
_aVenedikliler _xSosyo ekonomik durum _yTarih _zİstanbul |
||
| 650 |
_aVenedikliler _xTürkiye _zİstanbul |
||
| 650 |
_aİtalyanlar _xİstanbul _zTürkiye |
||
| 700 | _aBelge, Taciser Ulaş | ||
| 942 |
_2dcc _cBKS |
||
| 999 |
_c1483 _d1483 |
||